| 000 | 00500nam a2200169 i 4500 | ||
|---|---|---|---|
| 001 | 79207 | ||
| 003 | ES-MaACL | ||
| 005 | 20230906173928.0 | ||
| 007 | t| | ||
| 008 | 041020s1951 sp ||||1| spa d | ||
| 100 | 1 |
_aHeredia, Manuel de. _962690 |
|
| 245 | 1 | 0 |
_aCuentos tártaros / _cManuel de Heredia ; portada de J. Jiménez Palomino. |
| 260 |
_aMadrid : _bAfrodisio Aguado, _c[1951] |
||
| 300 |
_a161 p. ; _c17 cm. |
||
| 700 | 1 |
_aJimenez Palomino, J. _966583 |
|
| 852 |
_aES-MaACL _jD-7350 _bR.32225 |
||
| 999 |
_c79207 _d79207 |
||